000 00360 a2200157 4500
001 68105
020 _a9783126069670
040 _cAnchieta - Pituba
100 _aWallner, Franziska
240 1 0 _aDeutsch als fremde sprache
_ldeu / ger
245 1 0 _aDeutsch als fremde sprache
300 _a200
362 0 _a2017
650 4 _aLíngua alemã
942 _cBK
999 _c68105
_d68105